Diagnóstico de sistemas de producción bovina en el sector semiárido del Partido de Tornquist, provincia de Buenos Aires /

Guardado en:
Autor Principal: Corbatta, Nicolás.
Autor Corporativo: Universidad Nacional del Sur. Departamento de Agronomía.
Otros Autores: Distel, Roberto Alejandro, (tutor.)
Formato: Libro
Idioma:Spanish
Publicado: Bahía Blanca, 2016.
Etiquetas: Agregar Etiqueta
Sin Etiquetas, Sea el primero en etiquetar este registro!
LEADER 00763nam a22001695a 4500
001 EEA.libagro010648
005 20181010093343.0
008 140403s2016####ag#a##########000#0#spa#d
082 0 4 |a 636.2 
100 1 |a Corbatta, Nicolás. 
245 1 0 |a Diagnóstico de sistemas de producción bovina en el sector semiárido del Partido de Tornquist, provincia de Buenos Aires /  |c Nicolás Corbatta. 
260 |a Bahía Blanca,  |c 2016. 
300 |a 33 h. :  |b il. col. ;  |c 30 cm. 
500 |a Trabajo de intensificación (Ingeniero Agrónomo) -- Universidad Nacional del Sur. Departamento de Agronomía, 2016. 
700 1 |a Distel, Roberto Alejandro,  |e tutor. 
710 2 |a Universidad Nacional del Sur.  |b Departamento de Agronomía. 
859 |a AR-BbBCA  |b BIB. AGRONOMIA  |h 636.2  |i C789  |p 2016/6654